Jack / (Record no. 48389)

MARC details
000 -LEADER
campo de control de longitud fija 00704nam a22002175i 4500
001 - NÚMERO DE CONTROL
campo de control 48389
003 - IDENTIFICADOR DE NÚMERO DE CONTROL
campo de control ES-MaACL
005 - FECHA Y HORA DE LA ÚLTIMA TRANSACCIÓN
campo de control 20250917063035.0
007 - CAMPO FIJO DE DESCRIPCIÓN FÍSICA--INFORMACIÓN GENERAL
campo de control de longitud fija t|
008 - DATOS DE LONGITUD FIJA--INFORMACIÓN GENERAL
campo de control de longitud fija 950713q18901900sp ||||1| spa d
040 ## - FUENTE DE CATALOGACIÓN
Centro catalogador/agencia de origen CAM
Lengua de catalogación spa
Centro/agencia transcriptor CAM
100 1# - ENTRADA PRINCIPAL--NOMBRE DE PERSONA
Nombre de persona Daudet, Alphonse,
Fechas asociadas al nombre 1840-1897
9 (RLIN) 42799
245 10 - MENCIÓN DEL TÍTULO
Título Jack /
Mención de responsabilidad, etc. por Alfonso Daudet.
260 ## - PUBLICACIÓN, DISTRIBUCIÓN, ETC.
Lugar de publicación, distribución, etc. Madrid :
Nombre del editor, distribuidor, etc. La España Moderna,
Fecha de publicación, distribución, etc. [s.a.]
300 ## - DESCRIPCIÓN FÍSICA
Extensión 2 v. (329 ; 336 p.) ;
Dimensiones 17 cm.
490 1# - MENCIÓN DE SERIE
Mención de serie Colección de libros escogidos
500 ## - NOTA GENERAL
Nota general La "Colección de libros escogidos" de La España Moderna se publica entre 1890 y 1900.
830 0# - PUNTO DE ACCESO ADICIONAL DE SERIE-TÍTULO UNIFORME
Título uniforme Colección de libros escogidos
9 (RLIN) 181858
852 ## - LOCALIZACIÓN
Ubicación ES-MaACL
Número de control de estantería A-1707-8
Holdings
Estatus retirado Estado de pérdida Estado de daño No para préstamo Biblioteca de origen Biblioteca actual Ubicación en estantería Fecha de adquisición Fuente de adquisición Total de préstamos Signatura topográfica completa Código de barras Visto por última vez Precio de reemplazo Tipo de ítem Koha
        Biblioteca del Ateneo de Madrid Biblioteca del Ateneo de Madrid Sala Pecera Planta 1 17/01/2008     A-1707-8 1050924 23/02/2023 23/02/2023 Libro impreso